Online
Catalog

Campañas para obtención de fondos : (Record no. 24303)

MARC details
000 -CABECERA
campo de control de longitud fija 00925nam a2200229 a 4500
001 - NÚMERO DE CONTROL
campo de control 000024810
005 - FECHA Y HORA DE LA ÚLTIMA TRANSACCIÓN
campo de control 20200930023402.0
008 - DATOS DE LONGITUD FIJA--INFORMACIÓN GENERAL
campo de control de longitud fija 110204s1970 mx r 001 0 spa d
040 ## - FUENTE DE LA CATALOGACIÓN
Centro catalogador/agencia de origen DO-SdBNP
Lengua de catalogación spa
Centro/agencia transcriptor BNPHU
082 ## - NÚMERO DE LA CLASIFICACIÓN DECIMAL DEWEY
Número de clasificación xxxx
Número de documento/Ítem S521c
049 ## - FONDOS LOCALES (OCLC)
Fondos de biblioteca BNGR
100 1# - ENTRADA PRINCIPAL--NOMBRE DE PERSONA
Nombre de persona Seymour, Harold J.
9 (RLIN) 50915
245 10 - MENCIÓN DE TÍTULO
Título Campañas para obtención de fondos :
Resto del título principios, patrones, técnicas /
Mención de responsabilidad, etc. Harold J. Seymour ; traducción Agustín Contin ; revisión Milton J. Murray.
260 ## - PUBLICACIÓN, DISTRIBUCIÓN, ETC.
Lugar de publicación, distribución, etc. Buenos Aires, México :
Nombre del editor, distribuidor, etc. Limusa-Wiley,
Fecha de publicación, distribución, etc. 1970.
300 ## - DESCRIPCIÓN FÍSICA
Extensión 194 p. ;
Dimensiones 22.5 cm.
500 ## - NOTA GENERAL
Nota general Incluye notas al pie de las páginas.
500 ## - NOTA GENERAL
Nota general Incluye índice alfabético.
534 ## - NOTA SOBRE LA VERSIÓN ORIGINAL
Frase introductoria Título original:
Mención de título del original Designs for fund raising.
Publicación, distribución, etc. del original McGraw-Hill, 1966.
700 1# - PUNTO DE ACCESO ADICIONAL--NOMBRE DE PERSONA
Nombre de persona Contin, Agustin,
Término indicativo de función/relación tr.
9 (RLIN) 45783
700 1# - PUNTO DE ACCESO ADICIONAL--NOMBRE DE PERSONA
Nombre de persona Murray, Milton J.
9 (RLIN) 50916
710 1# - PUNTO DE ACCESO ADICIONAL--NOMBRE DE ENTIDAD CORPORATIVA
Nombre de entidad corporativa o nombre de jurisdicción como elemento de entrada Centro regional de Ayuda Técnica,
Unidad subordinada Agencia para el Desarrollo Internacional (AID).
9 (RLIN) 34983
Holdings
Estado de retiro Estado de pérdida Restricciones de uso No para préstamo Código de colección Localización permanente Ubicación/localización actual Ubicación en estantería Fecha de adquisición Número de inventario Total de préstamos Signatura topográfica completa Código de barras Fecha visto por última vez Precio válido a partir de Tipo de ítem Koha Número de copia
        Monografías: Libros y Folletos General General En catalogación 04.02.2011 LF1   xxxx S521c 24810-10 25.06.2020 25.06.2020 Préstamo en sala  
      Préstamo restrigido Monografías: Libros y Folletos General General En catalogación 04.02.2011 LF1   xxxx S521c 24810-20 25.06.2020 25.06.2020 Préstamo en sala e. 2
        Monografías: Libros y Folletos General General En catalogación 04.02.2011 LF1   xxxx S521c 24810-30 25.06.2020 25.06.2020 Préstamo en sala e. 3

Powered by Koha